Normal view
MARC view
- الضابطية الدولية -- أصول المحاكم -- القوانين والأنظمة
Entry Topical Term
001 - CONTROL NUMBER
- control field: 26769
003 - CONTROL NUMBER IDENTIFIER
- control field: JO-AjAnu
005 - DATE AND TIME OF LATEST TRANSACTION
- control field: 20230606074545.0
008 - FIXED-LENGTH DATA ELEMENTS
- fixed length control field: 230606|| aca||aabn | a|a d
040 ## - CATALOGING SOURCE
- Original cataloging agency: JO-AjAnu
- Transcribing agency: JO-AjAnu
150 ## - HEADING--TOPICAL TERM
- Topical term or geographic name entry element: الضابطية الدولية -- أصول المحاكم -- القوانين والأنظمة
670 ## - SOURCE DATA FOUND
- Source citation: Work cat.: (JO-AjAnu)13750: العكايلة ، عبدالله ماجد , author 26768, الإختصاصات القانونية لمأمور الضبط القضائي في الأحوال العادية و الإستثنائية "الضابطة العدلية" : دراسة تحليلية تأصيلية نقدية مقارنة في القوانين الأردنية و المصرية و الفرنسية و غيرها